000 00553nam a2200229Ia 4500
003 OSt
005 20220924145929.0
006 a|||||r|||| 00| 0
007 ta
008 220923b |||||||| |||| 00| 0 tel d
020 _c13.50
024 _a330920
037 _cTextual
040 _aARTS
_cARTS
_btel
041 _2tel
_atel
082 _aO1591,3N22,1, 35L7
245 0 _aNeelasailamu
260 _c1977
650 _aORIYA LITERATURE
_927692
942 _hO1591,3N22,1, 35L7
_cTEXL
_2CC
999 _c461651
_d461651